Reading and study strategies for nursing students / (Record no. 7889)
[ view plain ]
| 000 -LEADER | |
|---|---|
| fixed length control field | 00764cam a2200241 a 4500 |
| 001 - CONTROL NUMBER | |
| control field | 3925466 |
| 005 - DATE AND TIME OF LATEST TRANSACTION | |
| control field | 20251029133831.0 |
| 008 - FIXED-LENGTH DATA ELEMENTS--GENERAL INFORMATION | |
| fixed length control field | 921119s1993 paua b 001 0 eng c |
| 020 ## - INTERNATIONAL STANDARD BOOK NUMBER | |
| International Standard Book Number | 072164483X |
| 050 10 - LIBRARY OF CONGRESS CALL NUMBER | |
| Classification number | RT73 |
| Item number | .M396 1993 |
| 082 00 - DEWEY DECIMAL CLASSIFICATION NUMBER | |
| Classification number | 610.73/07 |
| Edition information | 20 |
| 100 1# - MAIN ENTRY--PERSONAL NAME | |
| Personal name | Meltzer, Marilyn, |
| Dates associated with a name | 1947- |
| 245 10 - TITLE STATEMENT | |
| Title | Reading and study strategies for nursing students / |
| Statement of responsibility, etc. | Marilyn Meltzer, Susan Marcus Palau. |
| 260 ## - PUBLICATION, DISTRIBUTION, ETC. | |
| Place of publication, distribution, etc. | Philadelphia : |
| Name of publisher, distributor, etc. | W.B. Saunders Co., |
| Date of publication, distribution, etc. | c1993. |
| 300 ## - PHYSICAL DESCRIPTION | |
| Extent | xi, 321 p. : |
| Other physical details | ill. ; |
| Dimensions | 28 cm. |
| 650 #0 - SUBJECT ADDED ENTRY--TOPICAL TERM | |
| Topical term or geographic name entry element | Nursing |
| General subdivision | Study and teaching. |
| 650 #0 - SUBJECT ADDED ENTRY--TOPICAL TERM | |
| Topical term or geographic name entry element | Study skills. |
| 650 #2 - SUBJECT ADDED ENTRY--TOPICAL TERM | |
| Topical term or geographic name entry element | Education, Nursing. |
| 650 #2 - SUBJECT ADDED ENTRY--TOPICAL TERM | |
| Topical term or geographic name entry element | Learning |
| General subdivision | nurses' instruction. |
| 650 #2 - SUBJECT ADDED ENTRY--TOPICAL TERM | |
| Topical term or geographic name entry element | Reading |
| General subdivision | nurses' instruction. |
| 700 1# - ADDED ENTRY--PERSONAL NAME | |
| Personal name | Palau, Susan Marcus. |
| 942 ## - ADDED ENTRY ELEMENTS (KOHA) | |
| Source of classification or shelving scheme | Library of Congress Classification |
| Koha item type | Books |
| Suppress in OPAC | No |
| 999 ## - | |
| -- | 7889 |
| -- | 7889 |
| Withdrawn status | Lost status | Source of classification or shelving scheme | Damaged status | Not for loan | Collection | Home library | Current library | Shelving location | Date acquired | Total checkouts | Full call number | Barcode | Date last seen | Copy number | Price effective from | Koha item type |
|---|---|---|---|---|---|---|---|---|---|---|---|---|---|---|---|---|
| Library of Congress Classification | Non-fiction | Science Library (Miotso) | Science Library (Miotso) | General stacks | 10/29/2025 | RT73 .M396 MEL | SLM00004911 | 10/29/2025 | 1 | 10/29/2025 | Books |